| 000 | 00666nam a2200217 u 4500 | ||
|---|---|---|---|
| 005 | 20230310063616.0 | ||
| 008 | 100611s2007 mx r 000 0 spa d | ||
| 020 | _a9706664998 | ||
| 035 | _aUPN01000176473 | ||
| 049 | _aCG | ||
| 050 | 4 |
_aPR4611 _bT5a 2007 |
|
| 100 | 1 |
_aCarroll, Lewis, _d1832-1898 |
|
| 245 | 1 | 0 |
_aAlicia a través del espejo. La caza del Snark/ _cLewis Carroll ; tr. Roberto Mares. |
| 250 | _a3a ed. | ||
| 260 |
_aMéxico : _bTomo, _c2007. |
||
| 300 |
_a299 p. : _bil. |
||
| 534 |
_pTítulo original: _tThrough the looking glass. The haunting of the Snark |
||
| 650 | 4 |
_aNovela inglesa _94471 |
|
| 740 | 3 | _aLa caza del Snark | |
| 905 | _aLibro | ||
| 999 |
_c148576 _d148576 |
||